Logo

Description automatically generated
विद्यार्जन
 संसाधन केंद्र, भारतीय प्रौद्योगिकी संस्थान इन्दौर
Learning Resource Center, Indian Institute of Technology Indore

ऑनलाइन सार्वजनिक अभिगम प्रसूची
Online Public Access Catalogue (OPAC)

Complete bengali (Record no. 57174)

MARC details
000 -LEADER
fixed length control field 00712nam a2200241Ia 4500
005 - DATE AND TIME OF LATEST TRANSACTION
control field 20260609164405.0
008 - FIXED-LENGTH DATA ELEMENTS--GENERAL INFORMATION
fixed length control field 260609s9999||||xx |||||||||||||| ||und||
020 ## - INTERNATIONAL STANDARD BOOK NUMBER
International Standard Book Number 9781444106060
020 ## - INTERNATIONAL STANDARD BOOK NUMBER
Qualifying information pbk
082 ## - DEWEY DECIMAL CLASSIFICATION NUMBER
Classification number 491.44
Item number RAD
100 ## - MAIN ENTRY--PERSONAL NAME
Personal name Radice, William
245 #0 - TITLE STATEMENT
Title Complete bengali
250 ## - EDITION STATEMENT
Edition statement 10987th imp. 2014
260 ## - PUBLICATION, DISTRIBUTION, ETC.
Place of publication, distribution, etc. Gurugram
Name of publisher, distributor, etc. Hachette India
Date of publication, distribution, etc. 2010
300 ## - PHYSICAL DESCRIPTION
Extent xxx, 418p. ; 20cm.
490 ## - SERIES STATEMENT
Series statement Teach yourself
653 ## - INDEX TERM--UNCONTROLLED
Uncontrolled term Bangladesh—Languages
653 ## - INDEX TERM--UNCONTROLLED
Uncontrolled term Bengali language—Conversation and phrase books
653 ## - INDEX TERM--UNCONTROLLED
Uncontrolled term Bengali language—Grammar
653 ## - INDEX TERM--UNCONTROLLED
Uncontrolled term Bengali language—Self-instruction
653 ## - INDEX TERM--UNCONTROLLED
Uncontrolled term Bengali language—Textbooks for foreign speakers
942 ## - ADDED ENTRY ELEMENTS (KOHA)
Koha item type Book
Holdings
Withdrawn status Lost status Damaged status Not for loan Home library Current library Shelving location Date acquired Source of acquisition Total Checkouts Full call number Barcode Date last seen Price effective from Koha item type
        LRC, IIT Indore LRC, IIT Indore 3rd Floor - General Stack 09/06/2026 Gratis Book Price: INR 450.00   491.44 RAD G2405 15/06/2026 09/06/2026 Book
Copyright © 2017-2026 Indian Institute of Technology Indore. All Rights Reserved.
Managed & maintained by Learning Resource Center, IIT Indore